Tymek & FAVST - Piacevole - Statystyki

Ogólne statystyki
  • Ten quiz został rozwiązany 122 razy
  • Średni wynik to 11 z 16
Statystyki odpowiedzi
Numer Gość Utwór % Poprawnych
2 Lekarstwo
88%
3 Syrop
84%
1 80's
79%
13 Tony Yoru Pomarańcze
79%
8 Holak Kultowe
78%
7 Mare
78%
4 Tabi
78%
11 Sarius Życie Artysty
77%
9 Coals Beautiful
76%
5 Tranquillo
74%
6 Mimosa
72%
10 Gverilla Hendrix
71%
12 Jerzyk Krzyżyk Nastrój
46%
Bonus Track Follow
34%
Bonus Track Frunę
21%
Bonus Track Mi Dispiace
17%
Nie znaleziono quizów pasujących do podanych kryteriów
Rozkład punktacji
Procent ludzi z każdym wynikiem
Percentyl według liczby udzielonych odpowiedzi
Twoja historia wyników
Nie rozwiązałeś tego quizu